• 首页
  • 本馆介绍
  • 公告通知
  • 最新文献
  • 馆藏检索
  • 电子资源
  • 读者导购
  • 参考咨询
  • 我的图书馆
  • 登录
  • 详细信息显示
  • 放入我的书架
  • 预约/预借图书
  • 作者相关作品
  • 分类相关作品
  • 丛书相关作品
  • 出版社相关作品

书目信息

  • 表格格式
  • 工作单格式
  • 卡片格式
题名:
消费者权益保护法
    
 
作者: 吴宏伟 主编/撰稿 ;金善明 , 谭袁 , 王辉霞 撰稿
分册:  
出版信息: 北京   中国人民大学出版社  2014.3
页数: 214页
开本: 26cm
丛书名: 21世纪法学系列教材
单 册:
中图分类: D922.294.1
科图分类:
主题词: 消费者权益保护法--Xiao Fei Zhe Quan Yi Bao Hu Fa
电子资源:
ISBN: 978-7-300-18843-0
000 01268nam0 22003131 450
001 350288
005 20161008165744.85
010    @a978-7-300-18843-0@dCNY28.00
100    @a20140605d2014 em y0chiy50 ea
101 0  @achi
102    @aCN@b110000
105    @ak a 000yy
106    @ar
200 1  @a消费者权益保护法@AXiao Fei Zhe Quan Yi Bao Hu Fa@f吴宏伟主编@g吴宏伟 ... [等]撰稿人
210    @a北京@c中国人民大学出版社@d2014.3
215    @a214页@d26cm
225 2  @a21世纪法学系列教材@A21Shi Ji Fa Xue Xi Lie Jiao Cai
304    @a撰稿人还有:金善明、谭袁、王辉霞、吴长军、董笃笃
320    @a有书目
330    @a本书分为上中下三篇,上篇主要介绍消费者权益保护法的基本理论、消费者保护机构、消费者权益等基本理论的内容。中篇为特殊行业的消费者权益保护,包括金融消费、医疗消费、电信消费、房地产消费、旅游消费等内容,第三篇为消费争议解决机制,对消费者保护的具体方式进行了详细介绍。
461  0 @12001 @a21世纪法学系列教材
606 0  @a消费者权益保护法@AXiao Fei Zhe Quan Yi Bao Hu Fa
690    @aD922.294.1@v5
701  0 @a吴宏伟@AWu Hong Wei@4主编/撰稿
702  0 @a金善明@AJin Shan Ming@4撰稿
702  0 @a谭袁@ATan Yuan@4撰稿
702  0 @a王辉霞@AWang Hui Xia@4撰稿
801  0 @aCN@bTANGWEI@c20160803
905    @b0889275-9@dD922.294.1@e1329@f5
    
    消费者权益保护法/吴宏伟主编/吴宏伟 ... [等]撰稿人.-北京:中国人民大学出版社,2014.3
    214页;26cm.-(21世纪法学系列教材)
    
    
    ISBN 978-7-300-18843-0:CNY28.00
    本书分为上中下三篇,上篇主要介绍消费者权益保护法的基本理论、消费者保护机构、消费者权益等基本理论的内容。中篇为特殊行业的消费者权益保护,包括金融消费、医疗消费、电信消费、房地产消费、旅游消费等内容,第三篇为消费争议解决机制,对消费者保护的具体方式进行了详细介绍。
●
相关链接 在E读中查询图书 在五车中查询图书 在当当中查询图书 在豆瓣中查询图书


正题名:消费者权益保护法     索取号:D922.294.1/1329         预约/预借

序号 登录号 条形码 馆藏地/架位号 状态 备注
1 0889275   208892750   第一样本阅览室/ [索取号:D922.294.1/1329] 在馆    
2 0889276   208892769   密集书库-史法系/ [索取号:D922.294.1/1329] 在馆    
3 0889277   208892778   第一借阅区/ [索取号:D922.294.1/1329] 在馆    
4 0889278   208892787   第一借阅区/ [索取号:D922.294.1/1329] 在馆    
5 0889279   208892796   第一借阅区/ [索取号:D922.294.1/1329] 在馆    
唐山师范学院图书馆 欢迎您!
大连网信软件有限公司© 版权所有